| 000 | 00451nam a22001817a 4500 | ||
|---|---|---|---|
| 003 | CEME | ||
| 005 | 20210628202233.0 | ||
| 008 | 210113b xxu||||| |||| 00| 0 eng d | ||
| 020 | _a9788177584073 | ||
| 040 | _c. | ||
| 082 | _a808.0666 RUT | ||
| 100 |
_aRutherfoord, Andrea J _958934 |
||
| 245 | _aBasic communication skills for technology | ||
| 250 | _a2ND | ||
| 260 |
_aINDIA _bPEARSON EDUCATION _c2014 |
||
| 300 | _aX, 399P | ||
| 942 |
_cBK _2ddc |
||
| 999 |
_c569004 _d569004 |
||